[Event "Edinburgh Premier 2019"]
[Site "?"]
[Date "2019.04.06"]
[Round "2"]
[White "McCusker, Andrew"]
[Black "James, Chris"]
[Result "1-0"]
[WhiteElo "1744"]
[BlackElo "1868"]
[PlyCount "81"]

1. c4 f5 2. d4 Nf6 3. g3 g6 4. Bg2 Bg7 5. Nc3 O-O 6. e3 d6 7. d5 Nbd7 8. Nge2
a5 9. b3 Nc5 10. Bb2 e5 11. dxe6 c6 12. Qc2 Bxe6 13. Rd1 Qc7 14. O-O Rad8 15.
Rd2 Bf7 16. Rfd1 Rd7 17. Ba3 Rfd8 18. h3 Na6 19. Bb2 d5 20. cxd5 Nb4 21. Qc1
Nbxd5 22. Nxd5 Nxd5 23. Bxg7 Kxg7 24. Nc3 Qe5 25. Nxd5 Bxd5 26. Qc5 a4 27. bxa4
Ra8 28. a5 Kf6 29. Bxd5 Rxd5 30. Rxd5 cxd5 31. Qxd5 Qxd5 32. Rxd5 Ke6 33. Rb5
Kd6 34. Rxb7 Rxa5 35. Rxh7 Ke5 36. Rb7 Rxa2 37. Rb6 Ke4 38. Kg2 g5 39. Rg6 f4
40. gxf4 gxf4 41. Rg4 1-0

[Event "Edinburgh Premier 2019"]
[Site "?"]
[Date "2019.04.06"]
[Round "3"]
[White "Tate, Alan W"]
[Black "Arakhamia-Grant, Ketevan"]
[Result "1/2-1/2"]
[WhiteElo "2368"]
[BlackElo "2336"]
[PlyCount "41"]

1. Nf3 Nf6 2. g3 c5 3. Bg2 Nc6 4. O-O g6 5. c3 e5 6. d4 cxd4 7. cxd4 e4 8. Ng5
d5 9. f3 h6 10. Nh3 Bg7 11. Nc3 exf3 12. exf3 O-O 13. Be3 Re8 14. Re1 Nh5 15.
Nf2 Nxd4 16. g4 Ne6 17. Nxd5 Nf6 18. Nc3 g5 19. Qxd8 Rxd8 20. Rad1 Bd7 21. Nd3
1/2-1/2

[Event "Edinburgh Premier 2019"]
[Site "?"]
[Date "2019.04.06"]
[Round "3"]
[White "Kolbus, Dietmar"]
[Black "Hunt, Adam C"]
[Result "1/2-1/2"]
[WhiteElo "2281"]
[BlackElo "2070"]
[PlyCount "51"]

1. c4 g6 2. e4 Bg7 3. d4 d6 4. Nc3 Nf6 5. Bd3 O-O 6. Nge2 Nc6 7. f3 e5 8. d5
Nd4 9. Be3 Nh5 10. Qd2 c5 11. O-O f5 12. f4 Bd7 13. Rae1 a6 14. fxe5 dxe5 15.
Bg5 Qe8 16. d6 Be6 17. Nd5 Bxd5 18. cxd5 fxe4 19. Bxe4 Nf6 20. Bxf6 Rxf6 21.
Rxf6 Bxf6 22. Nxd4 cxd4 23. Rc1 Qd8 24. Rc7 Qxd6 25. Rxb7 Rb8 26. Rxb8+ 1/2-1/2

[Event "Edinburgh Premier 2019"]
[Site "?"]
[Date "2019.04.06"]
[Round "3"]
[White "Kopylov, Michael"]
[Black "Han, Yichen"]
[Result "1-0"]
[WhiteElo "2414"]
[BlackElo "2190"]
[PlyCount "181"]

1. d4 Nf6 2. c4 g6 3. g3 Bg7 4. Bg2 O-O 5. Nf3 d6 6. O-O Nbd7 7. Nc3 e5 8. e4
c6 9. h3 Re8 10. Be3 exd4 11. Nxd4 Nc5 12. Qc2 a5 13. Rad1 Qc7 14. Rfe1 Bd7 15.
f4 Rab8 16. Bf2 b5 17. cxb5 cxb5 18. e5 dxe5 19. fxe5 Rxe5 20. Rxe5 Qxe5 21.
Nf3 Qh5 22. g4 Nxg4 23. hxg4 Bxg4 24. Rd5 Bf5 25. Rxf5 Qxf5 26. Qxf5 gxf5 27.
Bxc5 Rc8 28. Bb6 Bxc3 29. bxc3 Rxc3 30. Nd4 Rc1+ 31. Kf2 a4 32. Bd5 b4 33. Ke3
b3 34. axb3 axb3 35. Bxb3 Kg7 36. Bc2 Kf6 37. Bd3 Ke5 38. Nf3+ Kf6 39. Kf4 Ke7
40. Bxf5 h6 41. Be3 Rc6 42. Ke5 Kf8 43. Nd4 Rb6 44. Be4 Ra6 45. Nf5 h5 46. Bf3
Ra5+ 47. Kf4 Ra4+ 48. Kg5 h4 49. Bg4 f6+ 50. Kxh4 Kf7 51. Kh5 Ke6 52. Bd4 Kd5
53. Bxf6 Ke4 54. Kg5 Ra5 55. Bh3 Kd5 56. Bg2+ Ke6 57. Be4 Ra4 58. Nd4+ Kd6 59.
Kf4 Ra5 60. Be7+ Kd7 61. Bf5+ Ke8 62. Bd6 Rd5 63. Be5 Ke7 64. Be4 Rc5 65. Kf5
Rc8 66. Bd5 Rc5 67. Be6 Kf8 68. Kf6 Rc1 69. Bd7 Rf1+ 70. Nf5 Rd1 71. Bd6+ Rxd6+
72. Nxd6 Kg8 73. Nf7 Kh7 74. Bf5+ Kg8 75. Bg6 Kf8 76. Bh7 Ke8 77. Ne5 Kf8 78.
Nd7+ Ke8 79. Ke6 Kd8 80. Kd6 Ke8 81. Bg6+ Kd8 82. Bh5 Kc8 83. Nc5 Kd8 84. Nb7+
Kc8 85. Kc6 Kb8 86. Kb6 Kc8 87. Bg4+ Kb8 88. Nc5 Ka8 89. Bc8 Kb8 90. Ba6 Ka8
91. Bb7+ 1-0

[Event "Edinburgh Premier 2019"]
[Site "?"]
[Date "2019.04.06"]
[Round "3"]
[White "Jennings, Richard L"]
[Black "Kopylov, Daniel"]
[Result "0-1"]
[WhiteElo "1984"]
[BlackElo "2280"]
[PlyCount "72"]

1. Nf3 {[%emt 0:00:00]} d5 2. g3 c6 3. Bg2 Bg4 4. d3 Nd7 5. O-O Ngf6 6. Qe1 e5
7. e4 Bd6 8. Nbd2 O-O 9. h3 Bh5 10. Nh4 Bg6 11. f3 Re8 12. Kh1 a5 13. a4 Nc5
14. Rg1 Ne6 15. Nf1 Nd4 16. Ne3 Nh5 17. Bd2 Ne2 18. Nxg6 hxg6 19. g4 Nhf4 20.
Rf1 Be7 21. Rf2 Bh4 22. Nf1 Qb6 23. Be3 Qxb2 24. Rb1 Qxc2 25. Qd1 Qxd1 26. Rxd1
Bxf2 27. Bxf2 Nc3 28. Ra1 d4 29. Nd2 b5 30. axb5 cxb5 31. Bf1 a4 32. Be1 b4 33.
Nc4 a3 34. Kg1 b3 35. Rxa3 Rxa3 36. Nxa3 b2 0-1

[Event "Edinburgh Premier 2019"]
[Site "?"]
[Date "2019.04.06"]
[Round "3"]
[White "Abdulla, Murad"]
[Black "Neave, George"]
[Result "1-0"]
[WhiteElo "2256"]
[BlackElo "2102"]
[PlyCount "51"]

1. e4 c5 2. Nf3 Nc6 3. d4 cxd4 4. Nxd4 Nf6 5. Nc3 d6 6. Be3 e5 7. Nf3 Be7 8. h3
O-O 9. Qd2 Be6 10. O-O-O Qa5 11. a3 Rfd8 12. Kb1 d5 13. Nxd5 Qxd2 14. Nxf6+
Bxf6 15. Rxd2 Rxd2 16. Bxd2 Rd8 17. Bd3 Nd4 18. Nxd4 Rxd4 19. Be3 Ra4 20. Bc5
b5 21. b3 Ra6 22. Bxb5 Ra5 23. a4 Bd7 24. Bb4 Rxb5 25. axb5 Bxb5 26. c4 1-0

[Event "Edinburgh Premier 2019"]
[Site "?"]
[Date "2019.04.06"]
[Round "3"]
[White "Chisholm, Mike"]
[Black "Shafi, Declan"]
[Result "0-1"]
[WhiteElo "1898"]
[BlackElo "2114"]
[PlyCount "106"]

1. d4 Nf6 2. c4 g6 3. Nc3 d5 4. cxd5 Nxd5 5. e4 Nxc3 6. bxc3 Bg7 7. Nf3 c5 8.
Be3 Qa5 9. Qd2 O-O 10. Rc1 Rd8 11. d5 e6 12. c4 Qxd2+ 13. Nxd2 exd5 14. exd5 b6
15. Bd3 Na6 16. O-O Nb4 17. Bb1 Bb2 18. Rcd1 Ba6 19. Rfe1 Rac8 20. Bg5 f6 21.
Bh4 g5 22. Bg3 b5 23. Bf5 Ra8 24. Bc7 bxc4 25. Ne4 Nd3 26. Rxd3 cxd3 27. Nxc5
Bc4 28. Bxd8 Rxd8 29. Nxd3 Ba3 30. Be6+ Kf8 31. Rd1 Ke7 32. Ne1 Kd6 33. Nc2 Bc5
34. Ne3 Bxe3 35. fxe3 Rb8 36. Rd2 Rb1+ 37. Kf2 Ra1 38. Rc2 Rxa2 39. Rxa2 Bxa2
40. e4 a5 41. Ke3 a4 42. Kd2 a3 43. Kc3 Ke5 44. Bf5 Bxd5 45. Bxh7 Bxe4 46. Bg8
Bxg2 47. Bc4 Bd5 48. Be2 {[%emt 0:00:00]} Kf4 49. Bd1 Ke3 50. Bg4 Kf2 51. Bf5
Kg2 52. h3 Kg3 53. Bd7 Bg2 0-1

[Event "Edinburgh Premier 2019"]
[Site "?"]
[Date "2019.04.06"]
[Round "3"]
[White "Burnett, Andrew B"]
[Black "Skettos, Nicolas"]
[Result "1-0"]
[WhiteElo "2186"]
[BlackElo "1848"]
[PlyCount "91"]

1. d4 d5 2. Bf4 Nf6 3. e3 c5 4. Nf3 Nc6 5. Nbd2 e6 6. c3 cxd4 7. exd4 Bd6 8.
Bxd6 Qxd6 9. Bd3 O-O 10. O-O a6 11. Re1 b5 12. Ne5 b4 13. Nxc6 bxc3 14. Ne5
cxd2 15. Qxd2 Bd7 16. Rac1 Qb6 17. b4 Bb5 18. Bb1 Rfc8 19. Rc5 Nd7 20. Qc2 Nxc5
21. dxc5 Qd8 22. Qxh7+ Kf8 23. Qh8+ Ke7 24. Qxg7 Qg8 25. Ng6+ Kd7 26. Qe5 Rc6
27. Nf4 Qh8 28. Qe3 Rg8 29. Nd3 Qg7 30. g3 Kc8 31. Ne5 Rc7 32. Bc2 f6 33. a4
fxe5 34. axb5 axb5 35. Bd3 Rb7 36. Qxe5 Qxe5 37. Rxe5 Kd7 38. h4 Ke7 39. Kg2
Kf6 40. Rh5 e5 41. Rh6+ Kf7 42. Rh7+ Rg7 43. Rxg7+ Kxg7 44. c6 Rb8 45. Bxb5 Kf6
46. Ba6 1-0

[Event "Edinburgh Premier 2019"]
[Site "?"]
[Date "2019.04.06"]
[Round "3"]
[White "Farrell, Neil R"]
[Black "Raja, Parthipan"]
[Result "1-0"]
[WhiteElo "2099"]
[BlackElo "1950"]
[PlyCount "47"]

1. d4 f5 2. Nf3 Nf6 3. g3 e6 4. Bg2 Be7 5. O-O O-O 6. c4 d6 7. Nc3 a5 8. b3 Qe8
9. Bb2 Ne4 10. Nxe4 fxe4 11. Nd2 d5 12. f3 exf3 13. Bxf3 c6 14. e4 Qg6 15. Qe2
Bd6 16. c5 Bc7 17. Bh5 Qg5 18. Rxf8+ Kxf8 19. Rf1+ Kg8 20. exd5 cxd5 21. Bf7+
Kh8 22. Bxe6 Bxe6 23. Rf8+ Bg8 24. Rxg8+ 1-0

[Event "Edinburgh Premier 2019"]
[Site "?"]
[Date "2019.04.06"]
[Round "3"]
[White "Gray, Euan"]
[Black "Jarmany, John"]
[Result "0-1"]
[WhiteElo "1825"]
[BlackElo "2111"]
[PlyCount "84"]

1. d4 d5 2. Nf3 Nc6 3. Bf4 Bf5 4. c3 e6 5. e3 Bd6 6. Bg3 Nf6 7. Nbd2 O-O 8. Be2
Ne4 9. Bh4 Be7 10. Bxe7 Qxe7 11. O-O Rab8 12. c4 dxc4 13. Nxc4 Rfd8 14. Qb3 b5
15. Nce5 Na5 16. Qd1 f6 17. Qe1 b4 18. Nc4 Nxc4 19. Bxc4 Nd6 20. Be2 a5 21. Nd2
e5 22. dxe5 Qxe5 23. Nc4 Nxc4 24. Bxc4+ Kh8 25. Qe2 Rb6 26. Rfd1 Rbd6 27. Rxd6
Rxd6 28. Rd1 h6 29. Rxd6 Qxd6 30. e4 Be6 31. g3 Qe5 32. Bxe6 Qxe6 33. b3 Qe5
34. f4 Qd4+ 35. Kg2 Kg8 36. e5 fxe5 37. Qxe5 Qxe5 38. fxe5 c5 39. Kf3 c4 40.
bxc4 a4 41. c5 Kf7 42. c6 Ke6 0-1

[Event "Edinburgh Premier 2019"]
[Site "?"]
[Date "2019.04.06"]
[Round "3"]
[White "McGregor, Lindsay A"]
[Black "Allor, Chuckwuka"]
[Result "1/2-1/2"]
[WhiteElo "1695"]
[BlackElo "2076"]
[PlyCount "95"]

1. e4 c5 2. Nf3 e6 3. d4 cxd4 4. Nxd4 Nc6 5. Nc3 Qc7 6. Be3 a6 7. Be2 Nf6 8. f4
Bb4 9. Bf3 d5 10. e5 Ne4 11. Bxe4 dxe4 12. O-O Bxc3 13. bxc3 Ne7 14. Qg4 O-O
15. Rab1 Nd5 16. Bc1 Nxc3 17. Rb3 Qc5 18. Be3 Nd5 19. Nxe6 Bxe6 20. Bxc5 Bxg4
21. Bxf8 Kxf8 22. c4 Ne7 23. Rxb7 Rc8 24. Rc1 Be2 25. Kf2 Bd3 26. Rc3 Nd5 27.
Rxd3 exd3 28. cxd5 Rc2+ 29. Ke3 d2 30. d6 Ke8 31. Ke2 Rxa2 32. f5 Ra5 33. Re7+
Kd8 34. Kxd2 f6 35. Rxg7 Rxe5 36. g4 Re4 37. Kd3 Rb4 38. h4 Rb6 39. g5 Rxd6+
40. Ke4 fxg5 41. hxg5 Rd7 42. f6 Ke8 43. Rg8+ Kf7 44. Ra8 Kg6 45. Rg8+ Kf7 46.
Ra8 Kg6 47. Rg8+ Kf7 48. Ra8 1/2-1/2

[Event "Edinburgh Premier 2019"]
[Site "?"]
[Date "2019.04.06"]
[Round "3"]
[White "Orr, Mark"]
[Black "Turner , Max N"]
[Result "0-1"]
[WhiteElo "2082"]
[BlackElo "1961"]
[PlyCount "114"]

1. c4 c6 2. Nf3 Nf6 3. e3 d5 4. b3 Bf5 5. Bb2 e6 6. Be2 h6 7. O-O Be7 8. d4 O-O
9. Nc3 Nbd7 10. Bd3 Bxd3 11. Qxd3 a5 12. Rad1 Re8 13. e4 dxe4 14. Nxe4 Nxe4 15.
Qxe4 Nf6 16. Qc2 a4 17. Ne5 Qc7 18. f4 axb3 19. axb3 Ra2 20. Qb1 Rea8 21. Rf3
b5 22. h3 bxc4 23. bxc4 Nd7 24. Rb3 Nxe5 25. fxe5 Qa7 26. Kh1 Qa6 27. Rc1 Ra4
28. Qc2 Bg5 29. Rf1 Qxc4 30. Qxc4 Rxc4 31. Rb7 f5 32. g4 Rc2 33. gxf5 Ra2 34.
Rb1 exf5 35. d5 cxd5 36. e6 Re2 37. Rxg7+ Kf8 38. Rf7+ Ke8 39. Rb7 Rxe6 40. Bd4
Re7 41. Rb8+ Kf7 42. Rf1 f4 43. h4 Ree2 44. Bg1 Ra3 45. Rf2 Rxf2 46. Bxf2 Bxh4
47. Bxh4 Rh3+ 48. Kg2 Rxh4 49. Rb6 Rg4+ 50. Kf3 Rg6 51. Rb7+ Ke6 52. Kxf4 Rf6+
53. Ke3 h5 54. Rh7 Rf5 55. Rh8 Kf6 56. Kd4 Kg5 57. Rg8+ Kf4 0-1

[Event "Edinburgh Premier 2019"]
[Site "?"]
[Date "2019.04.06"]
[Round "3"]
[White "Magnussen, Helge"]
[Black "Newton, Andrew"]
[Result "1-0"]
[WhiteElo "2099"]
[BlackElo "1952"]
[PlyCount "75"]

1. d4 d5 2. c4 e6 3. Nf3 Nf6 4. g3 dxc4 5. Bg2 a6 6. O-O Nc6 7. a4 Rb8 8. a5 b5
9. axb6 cxb6 10. Bf4 Rb7 11. Ne5 Nxe5 12. Bxb7 Bxb7 13. dxe5 Nd5 14. Bd2 h5 15.
e4 Nc7 16. Be3 Qxd1 17. Rxd1 Na8 18. Nc3 h4 19. Bg5 Be7 20. Bxe7 Kxe7 21. Rd4
hxg3 22. hxg3 b5 23. Rad1 Bc6 24. Rd6 Rc8 25. f3 b4 26. Ne2 a5 27. Nd4 Be8 28.
f4 a4 29. f5 Rc5 30. fxe6 g6 31. exf7 Bxf7 32. Nc6+ Kf8 33. e6 Bxe6 34. Rxe6 c3
35. bxc3 b3 36. Ne5 Rxc3 37. Rd8+ Kg7 38. Rd7+ 1-0

[Event "Edinburgh Premier 2019"]
[Site "?"]
[Date "2019.04.06"]
[Round "3"]
[White "Waller, Dan"]
[Black "Bhopal, Raj"]
[Result "1-0"]
[WhiteElo "2056"]
[BlackElo "1986"]
[PlyCount "85"]

1. e4 c5 2. Nf3 d6 3. Bb5+ Bd7 4. Bxd7+ Qxd7 5. O-O Nc6 6. Qe2 g6 7. Rd1 Bg7 8.
c3 e5 9. Na3 Nge7 10. Nc2 O-O 11. d3 Rae8 12. b4 cxb4 13. cxb4 d5 14. b5 Nd4
15. Ncxd4 exd4 16. Rb1 dxe4 17. dxe4 Nd5 18. Qd3 Ne7 19. Nxd4 Rd8 20. Be3 Rfe8
21. Qb3 Qg4 22. f3 Qh5 23. Ne2 Nc8 24. Nf4 Qe5 25. Nd5 Qe6 26. Qa4 Nb6 27. Bxb6
Rxd5 28. Rxd5 Qxb6+ 29. Kh1 Be5 30. Qc4 Qf6 31. Qf1 Qh4 32. Qg1 Qf4 33. Rd3 Bb8
34. g3 Qg5 35. f4 Qe7 36. Qd4 h5 37. e5 Qf8 38. Rbd1 Kh7 39. Qe4 b6 40. Rd7 Kh6
41. Qb7 Kg7 42. Rxf7+ Qxf7 43. Rd7 1-0

[Event "Edinburgh Premier 2019"]
[Site "?"]
[Date "2019.04.06"]
[Round "3"]
[White "Sanger, Jake M"]
[Black "Adrian, Leopold"]
[Result "1/2-1/2"]
[WhiteElo "1840"]
[BlackElo "2027"]
[PlyCount "85"]

1. d4 d5 2. Bf4 c5 3. e3 Nf6 4. Nc3 a6 5. dxc5 Nc6 6. Nf3 e6 7. Na4 Qa5+ 8. c3
Bxc5 9. Nxc5 Qxc5 10. Bd3 O-O 11. O-O h6 12. Bc2 Re8 13. Ne5 Nd7 14. Nxd7 Bxd7
15. e4 e5 16. Qxd5 Qxd5 17. exd5 exf4 18. dxc6 Bxc6 19. Rfe1 Rad8 20. Rxe8+
Rxe8 21. Bd3 f3 22. g3 Rd8 23. Rd1 g6 24. Bc2 Re8 25. Bd3 Be4 26. Re1 f5 27.
Bxe4 fxe4 28. Rd1 Re7 29. Kf1 Kg7 30. Rd6 h5 31. Rd5 Kf6 32. h4 Re6 33. Rd4 g5
34. hxg5+ Kxg5 35. Rd5+ Kg4 36. Rd4 b5 37. a4 Re5 38. axb5 axb5 39. Ke1 Kh3 40.
Kf1 Kg4 41. Rd1 h4 42. gxh4 Kxh4 43. Rd2 1/2-1/2

[Event "Edinburgh Premier 2019"]
[Site "?"]
[Date "2019.04.06"]
[Round "3"]
[White "Xian, Junhao"]
[Black "Muskath, Max"]
[Result "1-0"]
[WhiteElo "1953"]
[BlackElo "2120"]
[PlyCount "77"]

1. d4 Nf6 2. c4 e6 3. Nf3 b6 4. a3 Bb7 5. Nc3 d5 6. cxd5 Nxd5 7. Qc2 Nxc3 8.
bxc3 Be7 9. e4 O-O 10. Bd3 c5 11. O-O Nc6 12. Bb2 Rc8 13. Qe2 Qc7 14. Rad1 Rfd8
15. Rfe1 Bf8 16. d5 c4 17. Bxc4 Ne7 18. Bd3 exd5 19. e5 g6 20. Nd4 Nc6 21. f4
Re8 22. Qf3 a6 23. h4 Bg7 24. h5 Rcd8 25. Qg3 Bc8 26. Nf3 Ne7 27. Nd4 Kh8 28.
Qg5 Ng8 29. Qh4 Nh6 30. Re3 Bg4 31. Rde1 b5 32. Rg3 gxh5 33. Rge3 Qc8 34. Qg5
Rg8 35. f5 Bxe5 36. Qxh6 Rd6 37. f6 Rg6 38. Bxg6 fxg6 39. Qg7# 1-0

[Event "Edinburgh Premier 2019"]
[Site "?"]
[Date "2019.04.06"]
[Round "3"]
[White "Koehn, Lennart"]
[Black "Pasha, Tariq"]
[Result "1-0"]
[WhiteElo "2134"]
[BlackElo "1839"]
[PlyCount "77"]

1. e4 c5 2. Nf3 d6 3. d4 cxd4 4. Nxd4 Nf6 5. f3 e6 6. c4 a6 7. Nc3 Qc7 8. Be3
Nbd7 9. Qd2 Ne5 10. b3 Bd7 11. Rc1 Rc8 12. Be2 h5 13. O-O Be7 14. Rfd1 Ng6 15.
Qe1 Bc6 16. Nd5 Qd8 17. Nxe7 Qxe7 18. Qf2 O-O 19. a4 Rfd8 20. a5 Bd7 21. Nc2
Re8 22. Bf1 Ne5 23. Qd2 d5 24. exd5 exd5 25. cxd5 Bf5 26. d6 Qd7 27. Bb6 h4 28.
Ne3 h3 29. f4 Neg4 30. Rxc8 Rxc8 31. Nxf5 {[%emt 0:00:00]} Qxf5 32. d7 Nxd7 33.
Qxd7 Qxd7 34. Rxd7 hxg2 35. Kxg2 Rc2+ 36. Kg3 Nf6 37. Rd8+ Kh7 38. Bd3+ g6 39.
Bxc2 1-0

[Event "Edinburgh Premier 2019"]
[Site "?"]
[Date "2019.04.06"]
[Round "3"]
[White "Baxter, Harry"]
[Black "Archibong, Ubong Samuel"]
[Result "1/2-1/2"]
[WhiteElo "1880"]
[BlackElo "2194"]
[PlyCount "77"]

1. Nf3 d5 2. g3 f5 3. d4 Nf6 4. Bg2 e6 5. c4 c6 6. O-O Bd6 7. c5 Bc7 8. Nc3 O-O
9. b4 b6 10. a4 bxc5 11. dxc5 e5 12. b5 h6 13. Ba3 Re8 14. Bb4 d4 15. Na2 Nd5
16. Nd2 Be6 17. Nb3 Nd7 18. bxc6 N7f6 19. Nd2 Rb8 20. Ba3 Qc8 21. Nc4 Nc3 22.
Nxc3 Bxc4 23. Nb5 Bxb5 24. axb5 Rxb5 25. Qa4 Qb8 26. Qc4+ Kh8 27. Rfd1 a5 28.
Bh3 f4 29. Qf7 e4 30. Bd7 Re5 31. g4 f3 32. Qa2 Rg5 33. h4 Rxg4+ 34. Bxg4 Nxg4
35. exf3 exf3 36. Qe6 Bh2+ 37. Kf1 Ne5 38. Qf5 Rb3 39. c7 1/2-1/2

[Event "Edinburgh Premier 2019"]
[Site "?"]
[Date "2019.04.06"]
[Round "3"]
[White "Schmidt, Kai-Uwe"]
[Black "Paul, Rabindra"]
[Result "0-1"]
[WhiteElo "2070"]
[BlackElo "1778"]
[PlyCount "84"]

1. Nf3 Nf6 2. d4 g6 3. g3 Bg7 4. Bg2 O-O 5. O-O d6 6. a4 Nbd7 7. a5 a6 8. Re1
Re8 9. e4 e5 10. Nc3 exd4 11. Nxd4 Nc5 12. h3 Qe7 13. Re2 c6 14. Bf4 Nh5 15.
Be3 Nf6 16. Kh2 Bd7 17. Bf4 Nh5 18. Bc1 Qf8 19. Ra3 f5 20. exf5 gxf5 21. Rxe8
Rxe8 22. Qxh5 Bxd4 23. Ne2 Bxf2 24. Qf3 Qe7 25. Bf1 Ne4 26. Bf4 Bc5 27. Ra1 d5
28. c3 Ng5 29. Qh5 Ne4 30. Nd4 Rf8 31. Bd3 Be8 32. Qf3 Bxd4 33. cxd4 Qb4 34.
Rg1 Qxb2+ 35. Rg2 Qxd4 36. g4 Bg6 37. Bh6 Qe5+ 38. Kh1 Rf7 39. Bf4 fxg4 40.
Rxg4 Qa1+ 41. Rg1 Qf6 42. Rf1 Nd2 0-1

[Event "Edinburgh Premier 2019"]
[Site "?"]
[Date "2019.04.06"]
[Round "3"]
[White "Hogg, Stephen W"]
[Black "Ridge , Michael"]
[Result "1-0"]
[WhiteElo "1960"]
[BlackElo "1848"]
[PlyCount "119"]

1. d4 Nf6 2. c4 d6 3. Nc3 Nbd7 4. e4 e5 5. Nf3 Be7 6. Be2 O-O 7. O-O c6 8. b3
Qc7 9. Re1 a6 10. Bb2 b5 11. cxb5 cxb5 12. Rc1 Qb6 13. dxe5 Nxe5 14. Nd4 g6 15.
Kh1 Bd7 16. h3 Rfc8 17. Bf1 Qa5 18. f4 b4 19. Nd5 Nxd5 20. exd5 Rxc1 21. Qxc1
Rc8 22. Qd2 Qxd5 23. fxe5 dxe5 24. Bc4 Qd6 25. Nf3 Qxd2 26. Nxd2 Bg5 27. Ne4
Bh4 28. g3 Bd8 29. Kh2 Be6 30. Bxe5 Bxc4 31. Nd6 Rc6 32. Nxc4 f6 33. Bd6 Kf7
34. Bxb4 a5 35. Bxa5 Bxa5 36. Nxa5 Rc2+ 37. Kg1 Rxa2 38. b4 Ra4 39. Nc6 Ra3 40.
Kf2 Ra2+ 41. Re2 Ra6 42. Nd8+ Kf8 43. Ne6+ Kf7 44. Nd4 Rd6 45. Ke3 f5 46. b5
Kf6 47. Rb2 Rb6 48. Nf3 g5 49. Kd4 g4 50. hxg4 fxg4 51. Ne5 Rd6+ 52. Ke4 Re6
53. Rf2+ Ke7 54. Kd5 Rd6+ 55. Kc5 Rd1 56. Nxg4 Rd3 57. Re2+ Kd8 58. Re3 Rd1 59.
Nf6 Rc1+ 60. Kb6 1-0

[Event "Edinburgh Premier 2019"]
[Site "?"]
[Date "2019.04.06"]
[Round "3"]
[White "Will, Douglas"]
[Black "McQuillan, Stephen G"]
[Result "1-0"]
[WhiteElo "1914"]
[BlackElo "1910"]
[PlyCount "79"]

1. e4 e5 2. Nc3 Nf6 3. f4 d5 4. fxe5 Nxe4 5. d3 Nxc3 6. bxc3 c5 7. Nf3 Be7 8.
Be2 Bh4+ 9. Nxh4 Qxh4+ 10. g3 Qe7 11. O-O Bh3 12. Re1 Nc6 13. d4 O-O 14. Bg4
Bxg4 15. Qxg4 cxd4 16. cxd4 f5 17. Qd1 Na5 18. Qf3 Qe6 19. Rb1 Rac8 20. Rb5 b6
21. Qxd5 Qxd5 22. Rxd5 Rxc2 23. e6 Nc6 24. Rd7 Re8 25. Bf4 a5 26. d5 Nd4 27.
Re3 Ne2+ 28. Kf1 Nxf4 29. gxf4 Rc4 30. Rf3 Re4 31. Kf2 b5 32. Kg3 a4 33. Kh4 h6
34. Kh5 Re2 35. Rg3 Rxh2+ 36. Kg6 Kf8 37. Rf7+ Kg8 38. Rxg7+ Kh8 39. Kf7 Rd8
40. e7 1-0

[Event "Edinburgh Premier 2019"]
[Site "?"]
[Date "2019.04.06"]
[Round "3"]
[White "Robertson, David A"]
[Black "Jelfs, Alan"]
[Result "1-0"]
[WhiteElo "1912"]
[BlackElo "1856"]
[PlyCount "65"]

1. d4 f5 2. c4 Nf6 3. Nc3 g6 4. h4 h6 5. e4 fxe4 6. f3 exf3 7. Nxf3 d6 8. Bd3
Bf5 9. h5 Kf7 10. Nh4 Bg4 11. Bxg6+ Kg8 12. Qd3 e6 13. O-O Nbd7 14. Bg5 hxg5
15. Bf7+ Kxf7 16. Qg6+ Ke7 17. Nd5+ exd5 18. Rae1+ Ne5 19. Qxf6+ Kd7 20. Qxh8
gxh4 21. dxe5 Be6 22. exd6 Bxd6 23. Qh7+ Qe7 24. Qh6 h3 25. cxd5 Bc5+ 26. Kh2
Bd6+ 27. g3 Bxg3+ 28. Kxg3 Rg8+ 29. Kh2 Qd6+ 30. Qf4 Rg2+ 31. Kh1 Qxf4 32.
dxe6+ Ke7 33. Rxf4 1-0

[Event "Edinburgh Premier 2019"]
[Site "?"]
[Date "2019.04.06"]
[Round "3"]
[White "Antunes, Andre"]
[Black "Ward, Andrew"]
[Result "0-1"]
[WhiteElo "1832"]
[BlackElo "1776"]
[PlyCount "80"]

1. d4 e6 2. c4 f5 3. g3 Nf6 4. Bg2 Be7 5. Nh3 O-O 6. O-O d6 7. b3 e5 8. dxe5
dxe5 9. Bb2 Bd6 10. Qc2 c6 11. c5 Bc7 12. Nd2 Qe7 13. Nc4 Na6 14. Rac1 Nb4 15.
Qb1 Nbd5 16. Ng5 h6 17. Nf3 Nd7 18. Nh4 Qg5 19. e4 fxe4 20. Bxe4 N7f6 21. Nf3
Qh5 22. Ncxe5 Bxe5 23. Nxe5 Nxe4 24. Qxe4 Bh3 25. Qg6 Qe2 26. Nd3 Rf7 27. Rfe1
Qd2 28. Rcd1 Qc2 29. Bd4 Bf5 30. Qh5 Bxd3 31. Re6 Nc3 32. Rde1 Raf8 33. Be3 Bf5
34. Re5 Nd5 35. Bd4 Qd2 36. Ba1 Bd3 37. f4 Rf5 38. Qg4 Rxe5 39. Bxe5 Qxe1+ 40.
Kg2 Qf1# 0-1

[Event "Edinburgh Premier 2019"]
[Site "?"]
[Date "2019.04.06"]
[Round "3"]
[White "Smith, Callum"]
[Black "Campbell, Duncan AF"]
[Result "0-1"]
[WhiteElo "1826"]
[BlackElo "1902"]
[PlyCount "52"]

1. e4 e6 2. d4 d5 3. exd5 exd5 4. c4 Nf6 5. Nf3 Bb4+ 6. Nc3 O-O 7. Be3 Bg4 8.
Be2 dxc4 9. Bxc4 Nbd7 10. O-O Nb6 11. Be2 c6 12. h3 Bh5 13. g4 Bg6 14. Ne5 Nfd5
15. Bd2 Bd6 16. Nc4 Bc7 17. Nxb6 Nxb6 18. Be3 Re8 19. Qd2 Qd6 20. f4 Re7 21.
Rae1 Rae8 22. Bd3 Bxd3 23. Qxd3 Nd5 24. Nxd5 Qxd5 25. a3 c5 26. Qc3 cxd4 0-1

[Event "Edinburgh Premier 2019"]
[Site "?"]
[Date "2019.04.06"]
[Round "3"]
[White "Ridge , Benjamin "]
[Black "Irving, Neil"]
[Result "0-1"]
[WhiteElo "1544"]
[BlackElo "1904"]
[PlyCount "32"]

1. c4 c6 2. Nc3 d5 3. d4 dxc4 4. e4 b5 5. Bf4 Nf6 6. e5 Nd5 7. Bg3 Bf5 8. Qf3
e6 9. a4 Nb4 10. O-O-O a6 11. Nh3 Be7 12. Ne4 Qa5 13. Nc3 Nd5 14. Nxd5 cxd5 15.
Nf4 Qxa4 16. Nxd5 Qc2# 0-1

[Event "Edinburgh Premier 2019"]
[Site "?"]
[Date "2019.04.06"]
[Round "3"]
[White "Begg, David"]
[Black "McCusker, Andrew"]
[Result "1/2-1/2"]
[WhiteElo "1824"]
[BlackElo "1744"]
[PlyCount "112"]

1. d4 d5 2. Nf3 Nf6 3. e3 Bg4 4. c4 c6 5. Qb3 Qb6 6. Nc3 Bxf3 7. gxf3 Qxb3 8.
axb3 a6 9. e4 e6 10. e5 Nh5 11. c5 Nd7 12. b4 Rb8 13. Be2 g6 14. f4 Ng7 15. h4
h5 16. Bd3 Be7 17. Be3 Nf8 18. Na4 Nf5 19. Bxf5 gxf5 20. Ke2 Ng6 21. Rh2 Kd7
22. Rah1 Rbg8 23. Nc3 Rg7 24. f3 Rhg8 25. Nd1 Nf8 26. Nf2 Rg2 27. Kf1 Rxh2 28.
Rxh2 Ng6 29. Rg2 Rh8 30. Nh3 Nxh4 31. Rg3 Ng6 32. Bf2 Rb8 33. Be1 Bh4 34. Rxg6
fxg6 35. Bxh4 b6 36. cxb6 Rxb6 37. Be1 a5 38. bxa5 Rxb2 39. Ng1 Kc7 40. Ne2 Ra2
41. Nc1 Ra3 42. Ke2 c5 43. dxc5 Kc6 44. Nd3 Kb5 45. Ke3 Kc4 46. c6 Ra2 47. Bd2
d4+ 48. Ke2 Kb5 49. Nb4 Rxa5 50. Nd5 Ra4 51. Nc7+ Kxc6 52. Nxe6 Kd5 53. Ng5 Ra8
54. Bb4 Kc4 55. Bd2 Kd5 56. Bb4 Kc4 1/2-1/2

[Event "Edinburgh Premier 2019"]
[Site "?"]
[Date "2019.04.06"]
[Round "3"]
[White "O'Neil, Jim"]
[Black "Chadha, Sambhav"]
[Result "0-1"]
[WhiteElo "1766"]
[BlackElo "1594"]
[PlyCount "56"]

1. d4 Nf6 2. Nc3 d5 3. Bf4 g6 4. e3 Bg7 5. h4 c5 6. Nb5 Na6 7. c3 Qb6 8. a4 Nd7
9. Nf3 f6 10. h5 g5 11. h6 Bf8 12. Bg3 e6 13. Bd3 Be7 14. dxc5 Ndxc5 15. Bc2
Bd7 16. Nfd4 e5 17. Qh5+ Kf8 18. Bxh7 Be8 19. Bg6 exd4 20. Bxe8 Rxe8 21. Nd6
Bxd6 22. Qg6 Ke7 23. Qg7+ Ke6 24. O-O-O Reg8 25. exd4 Nb3+ 26. Kb1 Rxg7 27.
hxg7 Rg8 28. Rde1+ Kf7 0-1

[Event "Edinburgh Premier 2019"]
[Site "?"]
[Date "2019.04.06"]
[Round "3"]
[White "Walker , Duncan"]
[Black "Birkett, Richard"]
[Result "0-1"]
[WhiteElo "1797"]
[BlackElo "1940"]
[PlyCount "84"]

1. d4 e6 2. Bf4 c5 3. e3 Qb6 4. b3 Nf6 5. Nf3 d5 6. Be2 Bd6 7. Bxd6 Qxd6 8. O-O
Nc6 9. c3 O-O 10. Nbd2 e5 11. dxe5 Nxe5 12. Nxe5 Qxe5 13. c4 Rd8 14. Nf3 Qe7
15. cxd5 Bg4 16. Qc1 Nxd5 17. Rd1 Qf6 18. h3 Nc3 19. Rxd8+ Rxd8 20. Bf1 Rd1 21.
Qxd1 Nxd1 22. Rxd1 Kf8 23. Bc4 Ke7 24. Rd5 b6 25. Ne5 g5 26. f4 gxf4 27. exf4
Be6 28. Nc6+ Kf8 29. Rd8+ Kg7 30. Bf1 Qxf4 31. Rd3 c4 32. Rf3 Qc7 33. Nd4 Qc5
34. Rf4 c3 35. Bd3 h5 36. Kh1 Qg5 37. Nf5+ Bxf5 38. Rxf5 Qd2 39. Rf3 c2 40.
Bxc2 Qxc2 41. a4 f5 42. Kh2 Kf6 0-1